Statistics for Movies with music by Alan Silvestri

Click here to take the quiz!

General Stats

  • This quiz has been taken 11 times
  • The average score is 23 of 81

Answer Stats

YearDirectorAnswer% Correct
1985Robert ZemeckisBack to the Future
90%
1994Robert ZemeckisForrest Gump
90%
2004Robert ZemeckisThe Polar Express
90%
1989Robert ZemeckisBack to the Future-Part II
80%
1990Robert ZemeckisBack to the Future-Part III
80%
2012Joss WhedonThe Avengers
70%
2015Robert ZemeckisThe Walk
70%
1988Robert ZemeckisWho Framed Roger Rabbit
70%
2000Robert ZemeckisCast Away
60%
1987John McTiernanPredator
60%
1989James CameronThe Abyss
60%
2001Stephen SommersThe Mummy Returns
60%
2009Robert ZemeckisA Christmas Carol
50%
1992Robert ZemeckisDeath Becomes Her
50%
1984Robert ZemeckisRomancing the Stone
50%
2016Robert ZemeckisAllied
40%
2007Robert ZemeckisBeowulf
40%
1997Robert ZemeckisContact
40%
2006Shawn LevyNight at the Museum
40%
2009Shawn LevyNight at the Museum 2-Battle of the Smithsonian
40%
2014Shawn LevyNight at the Museum: Secret of the Tomb
40%
1990Stephen HopkinsPredator 2
40%
2001Gore VerbinskiThe Mexican
40%
2004Stephen SommersVan Helsing
40%
2000Robert ZemeckisWhat Lies Beneath
40%
1999Rob MinkoffStuart Little
30%
2010Joe CarnahanThe A-Team
30%
1995Sam RaimiThe Quick and the Dead
30%
2000Nancy MeyersWhat Women Want
30%
2011Joe JohnsonCaptain America: The First Avenger
20%
1994Mick JacksonClean Slate
20%
1996Chuck RussellEraser
20%
2009Stephen SommersG. I. Joe: The Rise of Cobra
20%
1995Danny CannonJudge Dredd
20%
2003Jan de BontLara Croft Tomb Raider: The Cradle of Life
20%
1986Richard PearceNo Mercy
20%
2013Dean ParisotRED 2
20%
2000John FrankenheimerReindeer Games
20%
1991Russell MulcahyRicochet
20%
1991Wolfgang PetersenShattered
20%
1992Roger SpottiswoodeStop! Or My Mom Will Shoot
20%
2002Rob MinkoffStuart Little 2
20%
1993Annabel Jankel/Rocky MortonSuper Mario Bros.
20%
1992Mick JacksonThe Bodyguard
20%
2013Kirk DeMicco/ Chris SandersThe Croods
20%
1986Menahem GolanThe Deltaforce
20%
1996Renny HarlinThe Long Kiss Goodnight
20%
2006Steve Spaz WilliamsThe Wild
20%
1994Stephen HopkinsBlown Away
10%
1985Lewis TeagueCat's Eye
10%
1987Michael AptedCritical Condition
10%
1990Richard BenjaminDowntown
10%
1991Peter FaimanDutch
10%
1991Charles ShyerFather of the Bride
10%
1995Charles ShyerFather of the Bride Part II
10%
1992Bill KroyerFernGully: The Last Rainforest
10%
1986Randal KleiserFlight of the Navigator
10%
1997Andy TennantFools Rush In
10%
1995Howard DeutchGrumpier Old Men
10%
1993Donald PetrieGrumpy Old Men
10%
1998Stephen HerekHoly Man
10%
2003James MangoldIdentity
10%
1993Stephen HopkinsJudgement Night
10%
2002Dean DeBlois/Chris SandersLilo & Stitch
10%
1988Stewart RaffillMac and Me
10%
2002Wayne WangMaid in Manhattan
10%
1997Gore VerbinskiMousehunt
10%
1988Richard BenjaminMy Stepmother is an Alien
10%
1987Garry MarshallOverboard
10%
1998Griffin DunnePractical Magic
10%
1994Donald PetrieRichie Rich
10%
2000Peter ChelsomSerendipity
10%
1996Jonathan LynnSgt. Bilko
10%
2001Tom DeyShowtime
10%
1992Aaron NorrisSidekicks
10%
1998Howard DeutchThe Odd Couple II
10%
1998Nancy MeyersThe Parent Trap
10%
1995Mira NairThe Perez Family
10%
2003Aaron SchneiderTwo Soldiers
10%
1997Mick JacksonVolcano
10%
1990Geoff MurphyYoung Guns II
10%

Score Distribution

Percentile by Number Answered

Percent of People with Each Score

Your Score History

You have not taken this quiz